[Event "CCOL12 prel corr"]
[Site "Corr"]
[Date "1992.??.??"]
[Round "?"]
[White "Gostisa, Leon"]
[Black "Muellner, Imre"]
[Result "1-0"]
[WhiteElo "2410"]
[BlackElo "2560"]
[PlyCount "67"]
[EventDate "1992.??.??"]
[Source "www.chesslib.no"]
[SourceDate "2004.05.04"]

1. d4 Nf6 2. c4 g6 3. Nc3 d5 4. Nf3 Bg7 5. e3 O-O 6. Bd3 c5 7. O-O cxd4 8. exd4 Nc6 9. h3 b6 10. Bg5 dxc4 11. Bxc4 Bb7 12. Re1 Rc8 13. Bf1 Re8 14. a3 Nd5 15. Ne4 h6 16. Bh4 Qd7 17. Bg3 Nc7 18. Qa4 Qf5 19. Bxc7 Rxc7 20. Nd6 exd6 21. Rxe8+ Kh7 22. Re3 Na5 23. b4 Bc6 24. Qd1 Nb7 25. Rc1 Ba4 26. Qd2 Rd7 27. Qd3 Qxd3 28. Bxd3 Nd8 29. Ba6 Nc6 30. Rec3 Nxd4 31. Nxd4 Bxd4 32. Rc7 Rxc7 33. Rxc7 Kg7 34. Bc4 1-0

[Event "Rio Hondo"]
[Site "Rio Hondo"]
[Date "1987.??.??"]
[Round "3"]
[White "Garcia Palermo, Carlos H"]
[Black "Ricardi, Pablo"]
[Result "1/2-1/2"]
[WhiteElo "2520"]
[BlackElo "2445"]
[PlyCount "75"]
[EventDate "1987.09.??"]
[Source "www.chesslib.no"]
[SourceDate "2004.05.04"]

1. d4 Nf6 2. c4 g6 3. Nc3 d5 4. Nf3 Bg7 5. e3 O-O 6. Bd3 c5 7. O-O cxd4 8. exd4 dxc4 9. Bxc4 Bg4 10. h3 Bxf3 11. Qxf3 Nc6 12. Rd1 Ne8 13. Be3 Nd6 14. Bd5 Rc8 15. Rac1 Nf5 16. Bxc6 Rxc6 17. d5 Rc8 18. Bxa7 b6 19. Nb5 Rxc1 20. Rxc1 Bxb2 21. Rc6 Nd4 22. Nxd4 Bxd4 23. Qb3 Qd7 24. Bxb6 Rb8 25. Qb4 e5 26. Qa5 Qf5 27. Bxd4 Rb1+ 28. Kh2 exd4 29. Qd2 Qe5+ 30. f4 Qxd5 31. Rc3 Ra1 32. Rb3 h6 33. Ra3 Kh7 34. Ra4 d3 35. Ra3 Qc4 36. Rxd3 Rxa2 37. Rd4 Qe6 38. Qd3 1/2-1/2

[Event "Buenos Aires ARG, American Ch 05"]
[Site "?"]
[Date "2005.08.08"]
[Round "3"]
[White "Disconzi da Silva Rodrigo"]
[Black "Lima Darcy"]
[Result "1/2-1/2"]
[WhiteElo "2367"]
[BlackElo "2535"]
[PlyCount "25"]
[EventDate "2005.??.??"]
[Source "www.chesslib.no"]
[SourceDate "2004.05.04"]

1. d4 Nf6 2. c4 g6 3. Nc3 d5 4. Nf3 Bg7 5. e3 O-O 6. Bd3 c5 7. O-O cxd4 8. exd4 Nc6 9. h3 dxc4 10. Bxc4 Na5 11. Bd3 Be6 12. Re1 Rc8 13. Bg5 1/2-1/2

[Event "Marseille"]
[Site "Marseille"]
[Date "1988.??.??"]
[Round "?"]
[White "Miralles, Gilles"]
[Black "Kouatly, Bachar"]
[Result "0-1"]
[WhiteElo "2405"]
[BlackElo "2440"]
[PlyCount "56"]
[EventDate "1988.07.??"]
[Source "ChessBase"]

1. d4 Nf6 2. c4 g6 3. Nc3 d5 4. Nf3 Bg7 5. e3 O-O 6. Bd3 c5 7. O-O cxd4 8. exd4 Nc6 9. h3 b6 10. cxd5 Nxd5 11. Be4 Nxc3 12. bxc3 Bb7 13. Re1 Qc7 14. Ba3 Rfe8 15. Ng5 e6 16. Qf3 Rad8 17. Rac1 Na5 18. Rc2 Bxe4 19. Nxe4 f5 20. Ng5 e5 21. dxe5 h6 22. e6 hxg5 23. e7 Rd7 24. Qe3 Qc6 25. Qxg5 Nc4 26. Bc1 Qf6 27. Rce2 Qxg5 28. Bxg5 Kf7 0-1

[Event "IX Guillermo Garcia Mem Alfil, Santa Cl"]
[Site "?"]
[Date "2001.??.??"]
[Round "?"]
[White "Gomez, Fe"]
[Black "Ancheyta, T."]
[Result "1-0"]
[WhiteElo "2460"]
[BlackElo "2325"]
[PlyCount "51"]
[EventDate "2001.??.??"]
[Source "www.chesslib.no"]
[SourceDate "2004.05.04"]

1. d4 Nf6 2. Nf3 g6 3. c4 Bg7 4. Nc3 d5 5. e3 O-O 6. Bd3 dxc4 7. Bxc4 Nc6 8. O-O Bg4 9. h3 Bxf3 10. Qxf3 e5 11. d5 Na5 12. Be2 c6 13. Rd1 cxd5 14. Nxd5 Nxd5 15. Rxd5 Qb6 16. Rb5 Qc7 17. Bd2 Nc6 18. Rc1 Qe7 19. Qe4 Rfd8 20. Bc3 Rd7 21. Bc4 a6 22. Rd5 Rad8 23. Rcd1 Rxd5 24. Rxd5 Rxd5 25. Bxd5 Nd8 26. f4 1-0

[Event "5th Open, D'Agneaux Saint Lo FRA"]
[Site "?"]
[Date "2001.??.??"]
[Round "4"]
[White "Liang Chong"]
[Black "Amoyal, P."]
[Result "1-0"]
[WhiteElo "2580"]
[BlackElo "2205"]
[PlyCount "53"]
[EventDate "2001.??.??"]
[Source "www.chesslib.no"]
[SourceDate "2004.05.04"]

1. d4 Nf6 2. c4 g6 3. Nc3 d5 4. Nf3 Bg7 5. e3 O-O 6. Bd3 c5 7. O-O cxd4 8. exd4 Nc6 9. h3 dxc4 10. Bxc4 Bf5 11. Re1 Rc8 12. Bb3 Na5 13. Bg5 Nxb3 14. Qxb3 b6 15. Qa3 Rc7 16. Nb5 Rd7 17. Ne5 Ne4 18. Nc6 Qe8 19. Bxe7 a6 20. Nc3 Qa8 21. Nxe4 Bxe4 22. d5 Bxd5 23. Bxf8 Bxf8 24. Ne7+ Rxe7 25. Rxe7 Qd8 26. Rae1 Be6 27. R7xe6 1-0

[Event "Goodricke op"]
[Site "Calcutta"]
[Date "1997.??.??"]
[Round "5"]
[White "Parameswaran, Tiruchi N"]
[Black "Ganguly, Surya Shekhar"]
[Result "1/2-1/2"]
[WhiteElo "2400"]
[BlackElo "2265"]
[PlyCount "84"]
[EventDate "1997.02.??"]
[Source "ChessBase"]

1. d4 Nf6 2. c4 g6 3. Nc3 d5 4. Nf3 Bg7 5. e3 O-O 6. Bd3 c6 7. O-O Bf5 8. Bxf5 gxf5 9. cxd5 cxd5 10. Qb3 b6 11. Ne5 e6 12. Bd2 Nbd7 13. f4 Nxe5 14. fxe5 Ne4 15. Nxe4 dxe4 16. Bb4 Re8 17. Kh1 Qg5 18. Rf4 Bh6 19. g4 Kh8 20. gxf5 Rg8 21. Qc2 a5 22. Bd6 Qh5 23. Be7 Bxf4 24. Bf6+ Rg7 25. Bxg7+ Kxg7 26. f6+ Kh8 27. exf4 Rg8 28. Qxe4 Qg4 29. Rf1 h6 30. Qf3 Qf5 31. d5 exd5 32. Qxd5 b5 33. b4 axb4 34. Qf3 Kh7 35. Qd5 Kh8 36. Rg1 Rxg1+ 37. Kxg1 Qxf4 38. Qxf7 Qg4+ 39. Kf2 Qf4+ 40. Ke2 Qe4+ 41. Kd2 Qd4+ 42. Kc2 Qc3+ 1/2-1/2

[Event "Andorra op"]
[Site "Andorra"]
[Date "1997.??.??"]
[Round "7"]
[White "Palacios Perez, Manuel"]
[Black "Prie, Eric"]
[Result "0-1"]
[WhiteElo "2190"]
[BlackElo "2470"]
[PlyCount "80"]
[EventDate "1997.07.??"]
[Source "ChessBase"]
[SourceDate "1997.07.29"]

1. d4 Nf6 2. c4 g6 3. Nc3 d5 4. Nf3 Bg7 5. e3 O-O 6. Bd3 c5 7. h3 dxc4 8. Bxc4 a6 9. a4 Qc7 10. Qe2 Nc6 11. O-O Rd8 12. Rd1 Nb4 13. Ne5 e6 14. a5 Bd7 15. Nxd7 Rxd7 16. Bb3 Rad8 17. Qc4 cxd4 18. Rxd4 Nc6 19. Rd1 Rxd1+ 20. Bxd1 Nd5 21. Be2 Nxc3 22. bxc3 Rd5 23. Bf3 Rxa5 24. Rb1 Be5 25. Bd2 Qd6 26. Be1 Rc5 27. Qb3 Rb5 28. Qc2 Rxb1 29. Qxb1 Qc7 30. c4 b6 31. Qe4 Nb8 32. Bb4 a5 33. Be1 Nd7 34. g3 Nc5 35. Qa8+ Kg7 36. Be2 h5 37. h4 Bb2 38. Qf3 a4 39. e4 Qe5 40. Bb4 Qxe4 0-1

[Event "CZE-chTV 9900"]
[Site "?"]
[Date "2000.??.??"]
[Round "?"]
[White "Volak Michal"]
[Black "Mirumian Vigen"]
[Result "0-1"]
[WhiteElo "2180"]
[BlackElo "2471"]
[PlyCount "46"]
[EventDate "2000.??.??"]
[Source "www.chesslib.no"]
[SourceDate "2004.05.04"]

1. d4 Nf6 2. c4 g6 3. Nc3 d5 4. Nf3 Bg7 5. e3 O-O 6. Bd3 c5 7. O-O cxd4 8. exd4 Nc6 9. Bg5 Bg4 10. Be2 dxc4 11. d5 Bxf3 12. Bxf3 Ne5 13. Be2 Rc8 14. Be3 a6 15. a4 Qa5 16. f4 Ned7 17. Bd4 Rfd8 18. Bf3 Nc5 19. Be5 Nb3 20. Rb1 b5 21. axb5 axb5 22. d6 b4 23. Bb7 Qb6+ 0-1

[Event "Skopje ol (Men)"]
[Site "Skopje MKD"]
[Date "1972.??.??"]
[Round "5"]
[White "Galeb, Antoine"]
[Black "Sax, Gyula"]
[Result "0-1"]
[WhiteElo "2200"]
[BlackElo "2445"]
[PlyCount "50"]
[EventDate "1972.09.??"]
[Source "www.chesslib.no"]
[SourceDate "2004.05.04"]

1. d4 Nf6 2. c4 g6 3. Nc3 d5 4. Nf3 Bg7 5. e3 O-O 6. Bd3 c5 7. O-O cxd4 8. exd4 Nc6 9. h3 b6 10. Bg5 dxc4 11. Bxc4 Bb7 12. Qd2 Rc8 13. Be2 Na5 14. Rfd1 Nc4 15. Bxc4 Rxc4 16. Ne5 Rxc3 17. Qxc3 Ne4 18. Qe3 f6 19. Bh6 Bxh6 20. Qxh6 fxe5 21. dxe5 Qc8 22. Rac1 Qf5 23. f3 Ng5 24. Rc7 Nxf3+ 25. Kh1 Qxe5 0-1

[Event "8 Finale C.I."]
[Site "?"]
[Date "1997.??.??"]
[Round "?"]
[White "Passerotti, Pierluigi"]
[Black "Sibilio, Mario"]
[Result "0-1"]
[WhiteElo "2310"]
[BlackElo "2320"]
[PlyCount "104"]
[EventDate "1997.??.??"]
[Source "www.chesslib.no"]
[SourceDate "2004.05.04"]

1. d4 Nf6 2. Nf3 d5 3. c4 g6 4. Nc3 Bg7 5. e3 O-O 6. Bd3 c5 7. O-O Nc6 8. dxc5 dxc4 9. Bxc4 Qa5 10. Na4 Ne4 11. Qc2 Bf5 12. Nh4 Nb4 13. Qb3 Bd7 14. a3 Na6 15. Qxb7 Qxa4 16. Qxa6 Nxc5 17. Qxa4 Bxa4 18. Nf3 Bb3 19. Be2 Rfd8 20. Nd4 Rac8 21. Bd2 e5 22. Nf3 Ne6 23. Ba5 Rd5 24. Bb4 e4 25. Nd2 a5 26. Nxb3 axb4 27. axb4 Rc2 28. Rfd1 Rxd1+ 29. Bxd1 Rxb2 30. b5 Be5 31. b6 Kg7 32. Kf1 Rxb3 33. Bxb3 Bxa1 34. Bd5 Nc5 35. f4 exf3 36. gxf3 Be5 37. f4 Bb8 38. Kf2 Na4 39. Bb3 Nxb6 40. Kf3 f5 41. h3 Nd7 42. Bc4 Nc5 43. Bd5 Kh6 44. Bg8 Nd7 45. Bc4 Nf6 46. Be2 Ba7 47. Bd3 Kh5 48. Be2 Kh4 49. Bf1 Ne4 50. Bd3 Kxh3 51. Bxe4 fxe4+ 52. Kxe4 Kg4 0-1

[Event "Buenos Aires VII Najdorf Open"]
[Site "Buenos Aires ARG"]
[Date "1995.??.??"]
[Round "8"]
[White "Pereyra Arcija, Diego"]
[Black "Celis, Gustavo"]
[Result "1/2-1/2"]
[WhiteElo "2290"]
[BlackElo "2335"]
[PlyCount "50"]
[EventDate "1995.??.??"]
[Source "www.chesslib.no"]
[SourceDate "2004.05.04"]

1. d4 Nf6 2. Nf3 g6 3. c4 Bg7 4. Nc3 d5 5. e3 O-O 6. Bd3 c5 7. O-O cxd4 8. exd4 Nc6 9. h3 dxc4 10. Bxc4 Bf5 11. Be3 Rc8 12. Be2 Nd5 13. Qb3 Nb6 14. Rfd1 Na5 15. Qb5 Nac4 16. Bxc4 Nxc4 17. Qxb7 Rb8 18. Qxa7 Nxb2 19. Re1 Nd3 20. Re2 Ra8 21. Qb7 Rb8 22. Qa6 Nb4 23. Qa4 Qc7 24. a3 Qxc3 25. axb4 Qxb4 1/2-1/2

[Event "Virovitica"]
[Site "?"]
[Date "1977.??.??"]
[Round "5"]
[White "Maroja Hrvoje"]
[Black "Bertok Mario"]
[Result "0-1"]
[WhiteElo "2200"]
[BlackElo "2425"]
[PlyCount "76"]
[EventDate "1977.??.??"]
[Source "www.chesslib.no"]
[SourceDate "2004.05.04"]

1. d4 Nf6 2. Nf3 g6 3. c4 Bg7 4. Nc3 d5 5. e3 O-O 6. Bd3 c5 7. O-O cxd4 8. exd4 Nc6 9. h3 Nb4 10. c5 b6 11. cxb6 axb6 12. Re1 Nxd3 13. Qxd3 Ba6 14. Qc2 Qd6 15. Be3 Rfc8 16. Qd2 Ne4 17. Nxe4 dxe4 18. Ne5 f6 19. Ng4 Bd3 20. Rec1 h5 21. Nh2 f5 22. Rxc8+ Rxc8 23. Rc1 Rxc1+ 24. Qxc1 Bxd4 25. Bxd4 Qxd4 26. Nf1 Qc4 27. Qxc4+ Bxc4 28. b3 Bxf1 29. Kxf1 Kf7 30. Ke2 g5 31. a4 Ke6 32. Kd2 Kd5 33. Kc3 h4 34. b4 e5 35. a5 bxa5 36. bxa5 Kc5 37. a6 Kb6 38. Kc4 f4 0-1

[Event "15. ch-SLO"]
[Site "?"]
[Date "2005.08.13"]
[Round "2"]
[White "Krivec Jana"]
[Black "Jelen Igor"]
[Result "0-1"]
[WhiteElo "2270"]
[BlackElo "2334"]
[PlyCount "72"]
[EventDate "2005.??.??"]
[Source "www.chesslib.no"]
[SourceDate "2004.05.04"]

1. d4 Nf6 2. Nf3 g6 3. c4 Bg7 4. Nc3 d5 5. e3 O-O 6. Bd3 c5 7. O-O cxd4 8. exd4 Nc6 9. h3 b6 10. cxd5 Nxd5 11. Be4 Nxc3 12. bxc3 Bb7 13. Ba3 Qc7 14. Re1 Rfe8 15. Rc1 Rad8 16. Qc2 e6 17. Rcd1 Na5 18. Bxb7 Qxb7 19. c4 Rc8 20. c5 Qd5 21. Bb4 Nc6 22. Ba3 Nxd4 23. Nxd4 Bxd4 24. Qa4 e5 25. cxb6 axb6 26. Qb3 Qxb3 27. axb3 Re6 28. Bb4 Rc2 29. Rd2 Rec6 30. Ree2 Rxd2 31. Rxd2 Rc1+ 32. Kh2 Rb1 33. Rd3 Bxf2 34. Bc3 Bg1+ 35. Kg3 Rxb3 36. Rf3 e4 0-1

[Event "9. Open"]
[Site "?"]
[Date "2003.01.05"]
[Round "5"]
[White "Perisic Radivoj"]
[Black "Licina Zoran"]
[Result "0-1"]
[WhiteElo "2389"]
[BlackElo "2208"]
[PlyCount "71"]
[EventDate "2003.??.??"]
[Source "www.chesslib.no"]
[SourceDate "2004.05.04"]

1. d4 Nf6 2. Nf3 g6 3. c4 Bg7 4. Nc3 d5 5. e3 O-O 6. Bd3 c5 7. O-O cxd4 8. exd4 Nc6 9. cxd5 Nxd5 10. Be4 Be6 11. Ng5 Nxc3 12. bxc3 Bd5 13. Bxd5 Qxd5 14. Qb3 Rfd8 15. Qxd5 Rxd5 16. Be3 Na5 17. Nf3 Rc8 18. Rfc1 Rd6 19. Rab1 b6 20. Kf1 Rdc6 21. Bd2 Nc4 22. Be1 Nd6 23. Rb3 f5 24. Rd1 Ne4 25. Rd3 Rd6 26. Re3 Rd5 27. Re2 Kf8 28. Ng1 e5 29. f3 Nd6 30. dxe5 Bxe5 31. Rd2 Rxd2 32. Bxd2 Bxh2 33. Ne2 Be5 34. Bf4 Bxf4 35. Nxf4 Rc6 36. Ne2 0-1

[Event "Independence Cup"]
[Site "?"]
[Date "2003.08.13"]
[Round "1"]
[White "Karanda Konstantin"]
[Black "Papenin Nikolai"]
[Result "1-0"]
[WhiteElo "2181"]
[BlackElo "2415"]
[PlyCount "101"]
[EventDate "2003.??.??"]
[Source "www.chesslib.no"]
[SourceDate "2004.05.04"]

1. d4 Nf6 2. c4 g6 3. Nc3 d5 4. Nf3 Bg7 5. e3 O-O 6. Bd3 c5 7. O-O cxd4 8. exd4 Nc6 9. h3 Be6 10. c5 Qc8 11. Re1 b6 12. Na4 Nd7 13. Bg5 bxc5 14. dxc5 Nf6 15. a3 Bf5 16. Bb5 Be4 17. Nc3 Qb7 18. Qa4 Nd8 19. c6 Qc7 20. Nd2 Ne6 21. Bxf6 exf6 22. f3 Bf5 23. Nxd5 Qd6 24. Bc4 Nc5 25. Qa5 Kh8 26. b4 Nd3 27. Bxd3 Bxd3 28. Qc5 Qxc5+ 29. bxc5 f5 30. Rac1 Bb2 31. c7 Bxc1 32. Rxc1 Rfe8 33. Nc4 Bxc4 34. Rxc4 Kg7 35. a4 f6 36. Rb4 Kf7 37. Rb7 Rec8 38. a5 Ke6 39. Nb4 Kd7 40. Na6 Kc6 41. Rb8 f4 42. Kf2 Re8 43. Kf1 g5 44. Kg1 h5 45. h4 g4 46. fxg4 hxg4 47. Kf2 Rg8 48. h5 f5 49. h6 f3 50. h7 Re8 51. gxf3 1-0

[Event "France"]
[Site "?"]
[Date "2003.11.16"]
[Round "3"]
[White "Saada Julien"]
[Black "Berthelot Yannick"]
[Result "0-1"]
[WhiteElo "2263"]
[BlackElo "2331"]
[PlyCount "82"]
[EventDate "2003.??.??"]
[Source "www.chesslib.no"]
[SourceDate "2004.05.04"]

1. d4 d5 2. Nf3 Nf6 3. e3 g6 4. c4 Bg7 5. Nc3 O-O 6. Bd3 c5 7. dxc5 dxc4 8. Bxc4 Qa5 9. O-O Qxc5 10. Bb3 Nc6 11. h3 Bf5 12. Qe2 Ne4 13. Nxe4 Bxe4 14. Nd2 Bc2 15. Bxc2 Qxc2 16. Qb5 b6 17. Nc4 Rac8 18. Na3 Qf5 19. Rb1 Qxb5 20. Nxb5 a6 21. Nc3 Rfd8 22. e4 b5 23. Nd5 e6 24. Ne3 Nb4 25. a3 Nd3 26. b3 Nc5 27. e5 Rd3 28. b4 Na4 29. f4 h5 30. Nd1 Rc2 31. Nf2 Rd8 32. Ne4 Nc3 33. Nxc3 Rxc3 34. Re1 Rdd3 35. Kf2 Bh6 36. Ra1 Rc4 37. g3 h4 38. Re3 hxg3+ 39. Ke2 Rxe3+ 40. Bxe3 Bxf4 41. Bxf4 Rxf4 0-1

[Event "7. Open"]
[Site "?"]
[Date "2004.07.27"]
[Round "7"]
[White "Kagas Konstantinos"]
[Black "Dembo Yelena"]
[Result "0-1"]
[WhiteElo "2168"]
[BlackElo "2423"]
[PlyCount "53"]
[EventDate "2004.??.??"]
[Source "www.chesslib.no"]
[SourceDate "2004.05.04"]

1. d4 Nf6 2. c4 g6 3. Nc3 Bg7 4. e3 O-O 5. Nf3 d5 6. Bd3 c5 7. cxd5 Nxd5 8. Nxd5 Qxd5 9. O-O Bg4 10. Be2 Nc6 11. dxc5 Qxc5 12. Qa4 Ne5 13. Nd4 Bxe2 14. Nxe2 Rfd8 15. Nd4 Nc4 16. Rd1 e5 17. Nf3 b5 18. Rxd8+ Rxd8 19. Qc2 Nxb2 20. Qe2 Rd1+ 21. Ne1 Qc4 22. Qxc4 Nxc4 23. Kf1 e4 24. Rb1 Bc3 25. Bb2 Nxb2 26. Rxd1 Nxd1 27. Nc2 0-1

[Event "SCG Ch w playoff"]
[Site "?"]
[Date "2005.05.09"]
[Round "1"]
[White "Petrovic Marija"]
[Black "Chelushkina Irina"]
[Result "1-0"]
[WhiteElo "2221"]
[BlackElo "2369"]
[PlyCount "89"]
[EventDate "2005.??.??"]
[Source "www.chesslib.no"]
[SourceDate "2004.05.04"]

1. d4 Nf6 2. Nf3 g6 3. e3 Bg7 4. Bd3 O-O 5. c4 d5 6. Nc3 c6 7. Qb3 dxc4 8. Bxc4 b5 9. Be2 Be6 10. Qc2 Na6 11. a3 Rc8 12. O-O Ne8 13. Rd1 Nd6 14. e4 Qb6 15. Be3 Qb7 16. Ng5 Bd7 17. Qb3 h6 18. Nf3 Be6 19. Qc2 Rfd8 20. Rac1 Nc4 21. Bxc4 Bxc4 22. b4 Be6 23. Ne2 Nb8 24. Nd2 Nd7 25. Nf4 Nf6 26. Nb3 Bxb3 27. Qxb3 Nd7 28. Nxg6 Nb6 29. Nh4 e6 30. Nf3 Nc4 31. Rc3 Qe7 32. Bc1 Rd7 33. Rcd3 Rcd8 34. Bf4 a5 35. h3 a4 36. Qb1 Kh8 37. Qc2 f6 38. Qe2 Kh7 39. h4 e5 40. Bc1 Qf7 41. dxe5 fxe5 42. Rxd7 Rxd7 43. Rxd7 Qxd7 44. h5 Qg4 45. Ng5+ 1-0

[Event "Iran(ch)"]
[Site "?"]
[Date "2003.??.??"]
[Round "4.1"]
[White "Roghani Arash"]
[Black "Mohammadi Hamidreza"]
[Result "0-1"]
[WhiteElo "2301"]
[BlackElo "2267"]
[PlyCount "64"]
[EventDate "2003.??.??"]
[Source "www.chesslib.no"]
[SourceDate "2004.05.04"]

1. d4 Nf6 2. c4 g6 3. Nc3 d5 4. Nf3 Bg7 5. e3 O-O 6. Bd3 c5 7. h3 Nc6 8. O-O cxd4 9. exd4 Nb4 10. Be2 Bf5 11. a3 Nc6 12. Re1 Rc8 13. c5 Ne4 14. Bf4 e5 15. dxe5 Nxc3 16. bxc3 Qa5 17. Qxd5 Qxc3 18. Bd2 Qc2 19. Bg5 Nxe5 20. Nd4 Qe4 21. Qd6 Nc4 22. Bxc4 Qxd4 23. Rac1 Qxd6 24. cxd6 Bb2 25. Rb1 Bxb1 26. Rxb1 Rxc4 27. Rxb2 f6 28. Be3 b6 29. g3 Rd8 30. Rd2 Rc6 31. d7 Kf7 32. Bf4 Ke6 0-1

[Event "Edinburgh op"]
[Site "Edinburgh"]
[Date "2000.??.??"]
[Round "5"]
[White "Wilman, Carey"]
[Black "Rowson, Jonathan"]
[Result "0-1"]
[WhiteElo "2066"]
[BlackElo "2499"]
[PlyCount "106"]
[EventDate "2000.??.??"]
[Source "www.chesslib.no"]
[SourceDate "2004.05.04"]

1. d4 Nf6 2. Nf3 g6 3. c4 Bg7 4. Nc3 d5 5. e3 O-O 6. Bd3 c5 7. cxd5 cxd4 8. exd4 Nxd5 9. Be4 Nf6 10. O-O Nxe4 11. Nxe4 Be6 12. Be3 Bd5 13. Nc3 Nc6 14. Nxd5 Qxd5 15. Qb3 Qxb3 16. axb3 Rfd8 17. Rfd1 Rd5 18. Kf1 Rad8 19. Ke2 a6 20. Rac1 e6 21. Rc5 Rxc5 22. dxc5 Rxd1 23. Kxd1 Bxb2 24. Kc2 Bf6 25. Kd3 Kf8 26. Bd2 Ke7 27. Kc4 Kd7 28. b4 e5 29. Bg5 Bg7 30. Bd2 f6 31. Bc3 Ke6 32. g4 Bf8 33. h3 Be7 34. Bd2 Bd8 35. Be3 Bc7 36. Bd2 Ne7 37. Ne1 Nd5 38. Ng2 f5 39. gxf5+ gxf5 40. Nh4 e4 41. Ng2 b5+ 42. cxb6 Bxb6 43. Ne3 Nf4 44. h4 Nd3 45. Bc3 Nxf2 46. Nd5 Bd8 47. Bd4 Nd3 48. h5 f4 49. Nc3 Kf5 50. b5 axb5+ 51. Nxb5 f3 52. Nd6+ Kf4 53. Nf7 Be7 0-1

[Event "Marianske Lazne CZE"]
[Site "?"]
[Date "2006.01.21"]
[Round "1"]
[White "Hamrakulova Yulduz"]
[Black "Nilssen John Arni"]
[Result "0-1"]
[WhiteElo "2187"]
[BlackElo "2356"]
[PlyCount "84"]
[EventDate "2006.??.??"]
[Source "www.chesslib.no"]
[SourceDate "2004.05.04"]

1. d4 Nf6 2. Nf3 g6 3. c4 Bg7 4. Nc3 d5 5. e3 O-O 6. Bd3 b6 7. O-O Bb7 8. Qe2 e6 9. e4 dxe4 10. Nxe4 Nc6 11. Be3 Nb4 12. Nxf6+ Qxf6 13. Ne5 Nxd3 14. Nxd3 Qf5 15. Rfd1 Rad8 16. Ne1 Rd7 17. Rd2 Rfd8 18. Rad1 h5 19. h3 Bf6 20. Nc2 Qa5 21. a3 Qa4 22. f3 c5 23. dxc5 Rxd2 24. Rxd2 Rxd2 25. Qxd2 bxc5 26. Bxc5 Qxc4 27. b4 a6 28. Ne3 Qb5 29. Qd6 Qe8 30. a4 Bc6 31. a5 Bb5 32. Nc2 Qd7 33. Qxd7 Bxd7 34. Kf2 Ba4 35. Na3 Bb2 36. Nc4 Bc3 37. Nd6 Bc6 38. Ke3 f5 39. Kd3 Be5 40. Ke3 g5 41. Nc4 Bf6 42. Kf2 h4 0-1

[Event "Euskadi-ch13"]
[Site "Euskadi"]
[Date "1999.??.??"]
[Round "6"]
[White "Olaizola, L."]
[Black "Ortiz Herranz, Eleazar"]
[Result "1-0"]
[WhiteElo "2290"]
[BlackElo "2245"]
[PlyCount "49"]
[EventDate "1999.??.??"]
[Source "www.chesslib.no"]
[SourceDate "2004.05.04"]

1. d4 d5 2. Nf3 Nf6 3. e3 g6 4. c4 Bg7 5. Nc3 O-O 6. Bd3 c5 7. dxc5 dxc4 8. Bxc4 Qa5 9. O-O Qxc5 10. Qb3 Nc6 11. Qb5 Qxb5 12. Bxb5 Rd8 13. e4 Bd7 14. h3 a6 15. Be2 Nb4 16. Ne1 Be8 17. Be3 b5 18. f4 Rac8 19. Rc1 Nxe4 20. Nxe4 Rxc1 21. Bxc1 Nxa2 22. Nd3 Bd4+ 23. Kh2 Rc8 24. Bd2 Rc2 25. Bd1 1-0

[Event "RUS-ch (Women)"]
[Site "Elista"]
[Date "1997.09.26"]
[Round "8"]
[White "Polyakova, Natalia"]
[Black "Struchkova, Svetlana"]
[Result "0-1"]
[WhiteElo "2205"]
[BlackElo "2315"]
[PlyCount "104"]
[EventDate "1997.09.19"]
[Source "www.chesslib.no"]
[SourceDate "2004.05.04"]

1. Nf3 Nf6 2. d4 g6 3. c4 Bg7 4. Nc3 d5 5. e3 O-O 6. Bd3 dxc4 7. Bxc4 c5 8. d5 Nbd7 9. e4 b5 10. Bd3 c4 11. Bc2 b4 12. Ne2 Nc5 13. Ng3 c3 14. bxc3 Ba6 15. Be3 Qc7 16. cxb4 Ncxe4 17. Nxe4 Nxe4 18. Bxe4 Qc3+ 19. Nd2 Qxa1 20. Qxa1 Bxa1 21. a4 Rac8 22. Kd1 Bb2 23. Nb3 Bc4 24. Na5 Bxd5 25. Bxd5 Rfd8 26. Bxa7 Rxd5+ 27. Ke2 Rc2+ 28. Ke3 e5 29. b5 Rcd2 30. Kf3 Bd4 31. Bxd4 R5xd4 32. Ra1 f5 33. g3 e4+ 34. Ke3 R4d3+ 35. Kf4 Rxf2+ 36. Ke5 Rfd2 37. Nc6 e3 38. b6 Rb3 39. a5 e2 40. Re1 Rb5+ 41. Ke6 Rbb2 42. Ne5 Rd1 43. Nf3 Rb3 44. Rxe2 Rxf3 45. Kf6 Rd8 46. a6 f4 47. b7 fxg3+ 48. Kg5 Ra3 49. Rc2 g2 50. Rxg2 Rxa6 51. Rc2 Rb6 52. Rc8 Rf8 0-1

[Event "Asturias (Spain)"]
[Site "?"]
[Date "2004.01.03"]
[Round "8"]
[White "Cenal Gutierrez Ruben"]
[Black "Gonzalez Pruneda Arturo Jose"]
[Result "1-0"]
[WhiteElo "2249"]
[BlackElo "2264"]
[PlyCount "83"]
[EventDate "2004.??.??"]
[Source "www.chesslib.no"]
[SourceDate "2004.05.04"]

1. d4 Nf6 2. c4 g6 3. Nc3 d5 4. e3 Bg7 5. Nf3 O-O 6. Bd3 a6 7. a4 c5 8. dxc5 dxc4 9. Bxc4 Qa5 10. O-O Qxc5 11. b3 Nc6 12. Ba3 Qa5 13. Rc1 Rb8 14. Nd5 Nxd5 15. Qxd5 Qc7 16. Qc5 Rd8 17. b4 e6 18. Qg5 Qe7 19. Qxe7 Nxe7 20. b5 Bf6 21. e4 axb5 22. axb5 Kf8 23. e5 Bg7 24. g4 Bd7 25. Rfd1 Ke8 26. Bd6 Ra8 27. Ng5 Bh6 28. f4 Rdc8 29. Nxh7 Bg7 30. Bxe7 Kxe7 31. Nf6 Bxf6 32. exf6+ Ke8 33. Be2 Ra4 34. Rxc8+ Bxc8 35. Rc1 Kd8 36. Rc4 Ra1+ 37. Kf2 Rb1 38. Rc5 Bd7 39. h4 b6 40. Re5 Kc7 41. h5 gxh5 42. gxh5 1-0

[Event "Istambul98 World Children Olimp?"]
[Site "?"]
[Date "1998.??.??"]
[Round "?"]
[White "Korobov, A."]
[Black "Petrosian, T."]
[Result "1-0"]
[WhiteElo "2330"]
[BlackElo "2180"]
[PlyCount "54"]
[EventDate "1998.??.??"]
[Source "www.chesslib.no"]
[SourceDate "2004.05.04"]

1. d4 Nf6 2. Nf3 g6 3. c4 d5 4. Nc3 Bg7 5. e3 O-O 6. Bd3 c5 7. O-O cxd4 8. exd4 Nc6 9. h3 Nb4 10. Be2 dxc4 11. Bxc4 Bf5 12. Nh4 Bc2 13. Qd2 e5 14. dxe5 Nd7 15. f4 Qxh4 16. Qxd7 Bf5 17. Qxb7 Nc2 18. Rb1 Rab8 19. Qxa7 Bxe5 20. fxe5 Qxc4 21. Bh6 Rfe8 22. Nd1 Nb4 23. Qe3 Nc2 24. Qg3 Nd4 25. Kh2 Ne2 26. Qg5 Qa6 27. Rxf5 Rxb2 1-0

[Event "APCT"]
[Site "APCT"]
[Date "1993.??.??"]
[Round "?"]
[White "Campbell, J. Franklin"]
[Black "Caligari, Chris"]
[Result "1/2-1/2"]
[WhiteElo "2210"]
[BlackElo "2300"]
[PlyCount "76"]
[EventDate "1993.??.??"]
[Source "www.chesslib.no"]
[SourceDate "2004.05.04"]

1. d4 Nf6 2. c4 g6 3. Nc3 d5 4. Nf3 Bg7 5. e3 O-O 6. Bd3 c5 7. O-O cxd4 8. exd4 Nc6 9. h3 Nb4 10. Be2 dxc4 11. Bxc4 Bf5 12. Bf4 Nbd5 13. Be5 Rc8 14. Qb3 Bc2 15. Qxc2 Rxc4 16. Qe2 Rc8 17. Nxd5 Qxd5 18. Bf4 Qf5 19. Bd2 e6 20. Rac1 Ne4 21. Be3 Qd5 22. b3 b5 23. Rc2 Nc3 24. Qd2 b4 25. Rfc1 Rfd8 26. Qe1 Qf5 27. Qf1 a5 28. Kh1 Qd5 29. Qe1 Qe4 30. Bg5 Qxe1+ 31. Rxe1 Rd5 32. Be3 Rcd8 33. a4 Rf5 34. Rec1 h5 35. Kg1 Bf6 36. h4 Kg7 37. Kf1 Rd7 38. Kg1 Kf8 1/2-1/2

[Event "Serpukhov-A"]
[Site "?"]
[Date "2002.??.??"]
[Round "1"]
[White "Simantsev Mikhail"]
[Black "Balendo Pavel"]
[Result "0-1"]
[WhiteElo "2383"]
[BlackElo "2122"]
[PlyCount "75"]
[EventDate "2002.??.??"]
[Source "www.chesslib.no"]
[SourceDate "2004.05.04"]

1. d4 Nf6 2. c4 g6 3. Nc3 d5 4. Nf3 Bg7 5. e3 O-O 6. Bd3 c5 7. O-O cxd4 8. Nxd4 dxc4 9. Bxc4 a6 10. Qe2 b5 11. Bb3 Bb7 12. Rd1 Qb6 13. Nc2 Nc6 14. e4 Qc7 15. Be3 Rfd8 16. Rac1 Rxd1+ 17. Rxd1 Rd8 18. f3 Rxd1+ 19. Qxd1 Na5 20. Nb4 e6 21. Nd3 Nd7 22. Ne2 h5 23. Qc2 Qxc2 24. Bxc2 Nc4 25. Bc1 Nce5 26. Kf2 Nxd3+ 27. Bxd3 Ne5 28. Bc2 Kf8 29. b3 Ke7 30. Ba3+ Kd7 31. h3 Nc6 32. Bc5 Bf6 33. Ke3 Bg5+ 34. f4 Be7 35. Bb6 h4 36. Ng1 Ba3 37. Ke2 Bd6 38. Be3 0-1